|
|
|
|
| LEADER |
00000nam a2200000 a 4500 |
| 001 |
vtls011709547 |
| 003 |
SK-MaSNL |
| 005 |
20260425223755.0 |
| 008 |
180105s2015 xo oe f 100 0 eng |
| 015 |
|
|
|a SNBE2017
|
| 020 |
|
|
|q (brož.)
|
| 040 |
|
|
|a SNK
|b slo
|c SNK
|e AACR2
|
| 041 |
0 |
|
|a eng
|
| 043 |
|
|
|a e-xo---
|
| 044 |
|
|
|a xo
|c SK
|
| 072 |
|
7 |
|a 517
|x Matematická analýza
|2 konspekt
|
| 080 |
|
|
|a (437.611)
|2 2011
|
| 080 |
|
|
|a (083.97)
|2 2011
|
| 080 |
|
|
|a 005.745-027.543
|2 2011
|
| 080 |
|
|
|a 517.9
|2 2011
|
| 080 |
|
|
|a 51
|2 2011
|
| 111 |
2 |
|
|a Equadiff
|d (2017 :
|c Bratislava, Slovensko)
|9 349948
|
| 245 |
1 |
0 |
|a Equadiff 2017
|b July 24-28, 2017, Bratislava, Slovakia : Slovak University of Technology in Bratislava : scientific programme
|
| 260 |
|
|
|a [Bratislava]
|b [Slovak University of Technnology in Bratislava]
|c 2017
|
| 300 |
|
|
|a 38 s.
|b fotogr., plány
|c 25 cm
|
| 648 |
|
7 |
|a 2017
|2 SNKPH
|9 347966
|
| 650 |
0 |
7 |
|a medzinárodné konferencie
|2 SNKPH
|9 64889
|
| 650 |
0 |
7 |
|a diferenciálne rovnice
|2 SNKPH
|9 63334
|
| 650 |
0 |
7 |
|a International conferences
|2 SNKPHeng
|9 324814
|
| 650 |
0 |
7 |
|a Differential equations
|2 SNKPHeng
|9 332602
|
| 650 |
0 |
7 |
|a matematika
|2 SNKPH
|9 70174
|
| 650 |
0 |
7 |
|a Mathematics
|2 SNKPHeng
|9 265620
|
| 651 |
|
7 |
|a Bratislava (Slovensko)
|2 SNKPH
|9 14568
|
| 651 |
|
7 |
|a Bratislava (Slovakia)
|2 SNKPHeng
|9 171234
|
| 655 |
|
7 |
|a programy
|2 SNKPH
|9 70598
|
| 655 |
|
7 |
|a Programs
|2 SNKPHeng
|9 330885
|
| 852 |
|
|
|a Štátna vedecká knižnica v Banskej Bystrici
|
| 999 |
|
|
|c 595166
|d 597096
|
| 952 |
|
|
|a SNK
|b SNK
|y PREZ
|7 0
|p 17A1271033
|o snkOSC 28127
|i snk2017/19293
|8 0
|0 0
|1 0
|4 0
|d 2017-09-05
|l 0
|r 2026-02-23 15:36:41
|w 2026-02-23
|
| 952 |
|
|
|a SNK
|b SNK
|y VYP
|7 0
|p 17A1271034
|o snkOSC 28127 D1
|i snk2017/19294
|8 0
|0 0
|1 0
|4 0
|d 2017-09-05
|l 0
|r 2026-02-23 15:36:41
|w 2026-02-23
|